| 000 | 01481nam a2200361Ia 4500 | ||
|---|---|---|---|
| 001 | ebr10373392 | ||
| 003 | CaPaEBR | ||
| 006 | m u | ||
| 007 | cr cn||||||||| | ||
| 008 | 090921s2010 nyu s 001 0 eng d | ||
| 010 | _z 2009037956 | ||
| 020 | _z9780814415467 (pbk.) | ||
| 020 | _z0814415466 (pbk.) | ||
| 040 |
_aCaPaEBR _cCaPaEBR |
||
| 035 | _a(OCoLC)613206315 | ||
| 050 | 1 | 4 |
_aHF5549.5.D55 _bF35 2010eb |
| 082 | 0 | 4 |
_a658.3/13 _222 |
| 100 | 1 | _aFalcone, Paul. | |
| 245 | 1 | 0 |
_a101 sample write-ups for documenting employee performance problems _h[electronic resource] : _ba guide to progressive discipline & termination / _cPaul Falcone. |
| 246 | 3 | _aOne hundred one sample write-ups for documenting employee performance problems | |
| 246 | 3 | _aOne hundred and one sample write-ups for documenting employee performance problems | |
| 250 | _a2nd ed. | ||
| 260 |
_aNew York : _bAmerican Management Association, _cc2010. |
||
| 300 | _aviii, 390 p. | ||
| 500 | _aIncludes index. | ||
| 533 |
_aElectronic reproduction. _bPalo Alto, Calif. : _cebrary, _d2010. _nAvailable via World Wide Web. _nAccess may be limited to ebrary affiliated libraries. |
||
| 650 | 0 |
_aEmployees _xDismissal of. |
|
| 650 | 0 | _aLabor discipline. | |
| 650 | 0 | _aProblem employees. | |
| 655 | 7 |
_aElectronic books. _2local |
|
| 710 | 2 | _aebrary, Inc. | |
| 856 | 4 | 0 |
_uhttp://site.ebrary.com/lib/rucke/Doc?id=10373392 _zAn electronic book accessible through the World Wide Web; click to view |
| 999 |
_c99596 _d99596 |
||